Największe dworce kolejowe w polsce - Statystyki

Ogólne statystyki
  • Ten quiz został rozwiązany 100 razy
  • Średni wynik to 8 z 10
Statystyki odpowiedzi
nr Wymiana pasażerska Dworzec % Poprawnych
6 18 900 000 Kraków Główny
96%
5 19 000 000 Warszawa Centralna
96%
1 23 550 000 Wrocław Główny
96%
2 22 000 000 Poznań Główny
94%
9 15 000 000 Katowice
89%
8 16 500 000 Warszawa Zachodnia
89%
4 20 000 000 Warszawa Wschodnia
88%
7 17 000 000 Gdynia
74%
3 21 000 000 Warszawa Śródmieście
47%
10 11 000 000 Warszawa Wileńskie
2%
Nie znaleziono quizów pasujących do podanych kryteriów
Rozkład punktacji
Procent ludzi z każdym wynikiem
Percentyl według liczby udzielonych odpowiedzi
Twoja historia wyników
Nie rozwiązałeś tego quizu